Vitamins and coenzymes, part F
Tallennettuna:
| Päätekijät: | , |
|---|---|
| Aineistotyyppi: | Kirja |
| Kieli: | englanti |
| Julkaistu: |
Nueva York
Academic Press
1980
|
| Sarja: | Methods in Enzymology, 67
|
| Aiheet: | |
| Tagit: |
Lisää tagi
Ei tageja, Lisää ensimmäinen tagi!
|
MARC
| LEADER | 00000nam a2200000 a 4500 | ||
|---|---|---|---|
| 001 | UCK7614 | ||
| 003 | CL-VaPUC | ||
| 008 | 051202e19800000US |||||||||||||||||eng|d | ||
| 020 | |a 0121819671 | ||
| 082 | 0 | 4 | |a 547.7 |b MCC |2 21 |
| 100 | |a McCormick, Donald B. |e autor |9 497111 | ||
| 700 | 0 | |a Wright, Lemuel D |e author |9 497112 | |
| 245 | 1 | 0 | |a Vitamins and coenzymes, part F |
| 300 | |a 579 p | ||
| 942 | |c BK | ||
| 945 | |d 20051202 00:00:00 |a cmena | ||
| 260 | |a Nueva York |b Academic Press |c 1980 | ||
| 650 | 7 | |a ENZIMOLOGIA |2 CL-VaPUC |9 263051 | |
| 650 | 0 | |a Vitaminas |9 343802 | |
| 650 | 0 | |a Bioquímica |9 259492 | |
| 650 | 7 | |a COENZIMAS |2 CL-VaPUC |9 361503 | |
| 650 | 0 | |a Investigación científica |9 259857 | |
| 583 | |a last modification |c 20051202 00:00:00 |k Rodrigo Vera | ||
| 490 | 0 | |a Methods in Enzymology, 67 | |
| 999 | |c 315466 |d 315464 | ||